000
00304 a2200133 4500
001
150903
040
_c
Escola São Tomás de Aquino
100
_a
RITER, Caio
240
1
0
_a
A audição do leão
_l
por
245
1
0
_a
A audição do leão
362
0
_a
2011
697
_a
*LITERATURA INFANTO
942
_c
BK
999
_c
150903
_d
150903